UBT Library

College Writing Skills with Readings (Record no. 55471)

000 -LEADER
fixed length control field 00328nam a22001457a 4500
008 - FIXED-LENGTH DATA ELEMENTS--GENERAL INFORMATION
fixed length control field 210302b ||||| |||| 00| 0 eng d
020 ## - INTERNATIONAL STANDARD BOOK NUMBER
International Standard Book Number 9780072381214
041 ## - LANGUAGE CODE
Language code of text/sound track or separate title eng
080 ## - UNIVERSAL DECIMAL CLASSIFICATION NUMBER
Edition identifier 5th
Universal Decimal Classification number 82
082 ## - DEWEY DECIMAL CLASSIFICATION NUMBER
Classification number 82
100 ## - Rafti
Rafti 21
101 ## - Shkurtesa
Shkurtesa GJL
245 ## - TITLE STATEMENT
Title College Writing Skills with Readings
Statement of responsibility, etc Langan, J
942 ## - ADDED ENTRY ELEMENTS (KOHA)
Source of classification or shelving scheme
Item type Books
Holdings
Withdrawn status Lost status Source of classification or shelving scheme Damaged status Not for loan Collection code Permanent location Current location Shelving location Date acquired Total Checkouts Full call number Barcode Date last seen Price effective from Koha item type
          Koleksioni i përgjithshem UBT - Lipjan UBT - Lipjan Koleksioni i përgjithshem 03/02/2021   82 LAN 002-6000321 03/02/2021 03/02/2021 Books
UBT Library © 2015-2024. All rights reserved University Education for Business and Technology